|
|
|
|
| LEADER |
01691nam a2200277 i 4500 |
| 001 |
GR-MES12200 |
| 003 |
GR-PaULI |
| 005 |
20240607142527.0 |
| 008 |
070514s2003 gr g b 001 0 gre d |
| 020 |
|
|
|a 9600216215
|
| 040 |
|
|
|a GrPaTEI
|b gre
|c GR-PaULI
|e AACR2
|
| 082 |
0 |
4 |
|2 23
|a 616.890 949 5
|
| 100 |
1 |
|
|a Λειβαδίτης, Μίλτος Δ.,
|9 33034
|d 1946-
|e συγγραφέας.
|
| 245 |
1 |
0 |
|a Πολιτισμός και ψυχιατρική :
|b ανθρωπολογικές και κοινωνικές διαστάσεις των ψυχοπαθολογικών φαινομένων /
|c Μίλτος Δ. Λειβαδίτης.
|
| 260 |
|
|
|a Αθήνα :
|b Παπαζήσης,
|c 2003.
|
| 300 |
|
|
|a 639 σ. ;
|c 21 εκ.
|
| 504 |
|
|
|a Περιλαμβάνει βιβλιογραφία και ευρετήριο.
|
| 650 |
|
4 |
|a Κοινωνική ψυχιατρική
|
| 650 |
|
4 |
|a Ψυχιατρική
|x Κοινωνικές απόψεις
|
| 650 |
|
4 |
|a Κοινωνική ψυχιατρική
|9 90006
|
| 942 |
|
|
|2 ddc
|c BK
|
| 952 |
|
|
|0 0
|1 0
|2 ddc
|4 0
|6 616_890000000000000_949_5_ΛΕΙ
|7 0
|9 270815
|a MSLG
|b MSLG
|c ALF
|d 2021-01-17
|e 24
|f 0
|g 0.00
|i 21728
|l 0
|o 616.890 949 5 ΛΕΙ
|p 2420000021728
|r 2021-01-17 00:00:00
|t 3
|w 2021-01-17
|y BK15
|x 20070514 0 1
|x GrPaTEI
|
| 952 |
|
|
|0 0
|1 0
|2 ddc
|4 0
|6 616_890000000000000_949_5_ΛΕΙ
|7 0
|9 381060
|a MSLG
|b MSLG
|c BSC
|d 2024-06-07
|i 23422
|l 0
|o 616.890 949 5 ΛΕΙ
|p 2420000023422
|r 2024-06-07 00:00:00
|t 1
|w 2024-06-07
|y BK15
|
| 952 |
|
|
|0 0
|1 0
|2 ddc
|4 0
|6 616_890000000000000_949_5_ΛΕΙ
|7 0
|9 381061
|a MSLG
|b MSLG
|c BSC
|d 2024-06-07
|i 23490
|l 0
|o 616.890 949 5 ΛΕΙ
|p 2420000023490
|r 2024-06-07 00:00:00
|t 2
|w 2024-06-07
|y BK15
|
| 998 |
|
|
|c ΒΑΣΙΛΕΙΟΥ
|d 2024-06
|
| 999 |
|
|
|c 156460
|d 156460
|